Engineering materials science

This book is intended to prepare the engineering student to make the most effective use of materials ay his disposal

Tallennettuna:
Bibliografiset tiedot
Päätekijä: Richards, Cedric W.
Aineistotyyppi: Kirja
Kieli:Undetermined
Julkaistu: San Francisco Wadsworth Publishing 1961
Aiheet:
Tagit: Lisää tagi
Ei tageja, Lisää ensimmäinen tagi!
Thư viện lưu trữ: Trung tâm Học liệu Trường Đại học Cần Thơ
LEADER 00659nam a2200205Ia 4500
001 CTU_220340
008 210402s9999 xx 000 0 und d
020 |c 50 
082 |a 620.1 
082 |b R511 
100 |a Richards, Cedric W. 
245 0 |a Engineering materials science 
245 0 |c Cedric W. Richards 
260 |a San Francisco 
260 |b Wadsworth Publishing 
260 |c 1961 
520 |a This book is intended to prepare the engineering student to make the most effective use of materials ay his disposal 
650 |a Vật liệu học,Materials 
904 |i Nguyên 
980 |a Trung tâm Học liệu Trường Đại học Cần Thơ